| 000 | 00681nam a2200217 a 4500 | ||
|---|---|---|---|
| 001 | 000021737 | ||
| 005 | 20200930011429.0 | ||
| 008 | 100910s1994 sp 000 0 spa d | ||
| 020 | _a8420646288 | ||
| 040 |
_aDO-SdBNP _bspa _cBNPHU |
||
| 082 |
_a946 _bG216h |
||
| 100 | 1 |
_aGarcía de Cortázar, Fernando, _d1942- _945181 |
|
| 245 | 1 | 0 |
_aHistoria de España / _cFernando García de Cortázar y José M. González Vesga. |
| 260 |
_aMadrid : _bAlianza, _c1994. |
||
| 300 |
_a93 p. ; _c15 cm. |
||
| 490 | 1 |
_aAlianza cien _v28 |
|
| 500 | _aLibro de bolsillo | ||
| 651 | 4 |
_aEspaña _xHistoria _98844 |
|
| 700 | 1 |
_aGonzález Vesga, José M. _945182 |
|
| 830 | 0 |
_aAlianza cien ; _v28 _912832 |
|
| 999 |
_c21236 _d21236 |
||